[Event "Aces-Knights, b2"]
[Site "?"]
[Date "2003.05.15"]
[Round "1"]
[White "Gazmen, Burt"]
[Black "Fridman, Yuri"]
[Result "0-1"]
[WhiteElo "2050"]
[BlackElo "2142"]
[PlyCount "106"]
[SourceDate "2003.05.17"]

1. e4 c5 2. c3 Nc6 3. d4 cxd4 4. cxd4 d5 5. e5 Bf5 6. Nc3 e6 7. Be3 {Diagram #}
7... Qb6 8. Qd2 Rc8 9. Rc1 Bb4 10. Nf3 Nge7 11. Be2 O-O 12. O-O Na5 13. h3 Nc4
14. Bxc4 Rxc4 15. a3 Bxc3 16. Rxc3 Rxc3 17. bxc3 {Diagram #} 17... Qb3 18. Bg5
Qxa3 19. Bxe7 Qxe7 20. Ra1 a6 21. Qb2 Rc8 22. Ra3 h6 23. Rb3 b5 24. Ra3 Rc6 25.
Qa1 Qb7 26. Qb2 Qc7 27. Nd2 Bd3 28. Qb4 f6 29. exf6 gxf6 30. g3 Kf7 31. h4 Qc8
32. Qa5 {Diagram #} 32... Qg8 33. Kg2 Qf8 34. Kh2 e5 35. dxe5 fxe5 36. c4 dxc4
37. Nf3 Ke6 38. Kg2 Qd6 39. Ra1 Be4 40. Qc3 Bxf3+ 41. Kxf3 {Diagram #} 41...
Qd4 42. Qc1 Qd3+ 43. Kg2 Qe4+ 44. Kg1 Kf7 45. Qd2 Qd4 46. Qe1 Rd6 47. Rb1 c3
48. Qe2 Kg7 49. Re1 b4 50. Qh5 c2 51. Qf5 b3 52. Rxe5 c1=Q+ 53. Kg2 Rd7 0-1

[Event "Aces-Knights, b4"]
[Site "?"]
[Date "2003.05.15"]
[Round "1"]
[White "Allen, H."]
[Black "Augsburger, Les"]
[Result "1-0"]
[WhiteElo "1950"]
[BlackElo "1773"]
[Annotator "Friske,Tom"]
[PlyCount "63"]
[SourceDate "2003.05.17"]

1. d4 d5 2. c4 e6 3. Nc3 Nf6 4. Bg5 Be7 5. e3 O-O 6. Nf3 Nbd7 7. Bd3 {Diagram #
} 7... dxc4 8. Bxc4 c5 9. O-O b6 10. Qe2 cxd4 11. Nxd4 Bb7 12. Rfd1 Nd5 13.
Bxe7 Nxc3 {Diagram #} 14. bxc3 (14. Bxd8 $144 Nxe2+ 15. Nxe2 Rfxd8) 14... Qxe7
15. Nb5 Qg5 16. f4 Qe7 17. Nd6 Bc6 18. Rd2 Nc5 19. Rad1 Rfd8 20. e4 Rd7 21. e5
Rad8 22. Rd4 {Diagram #} 22... Ra8 23. Bb5 Bxb5 24. Qxb5 Rc7 25. Qf1 Nd7 26.
Qe1 h6 27. Qd2 Nc5 28. Qf2 Rd8 29. Qf3 Rcd7 30. h3 Rc7 {Diagram #} 31. f5 exf5
32. Nxf5 1-0

[Event "Aces-Knights, b6"]
[Site "?"]
[Date "2003.05.15"]
[Round "1"]
[White "Czerniecki, K."]
[Black "Karandikar, S."]
[Result "1-0"]
[WhiteElo "1914"]
[BlackElo "1577"]
[PlyCount "102"]
[SourceDate "2003.05.17"]

1. e4 e5 2. Nf3 Nc6 3. g3 Nf6 4. d3 Bc5 5. Bg2 d6 6. O-O Bg4 7. Nbd2 Qd7 8. c3
a5 9. Re1 Ne7 10. Qb3 b5 {Diagram #} 11. d4 a4 12. Qc2 Bb6 13. dxe5 dxe5 14.
Nxe5 Qe6 15. Nef3 Rd8 16. Ng5 Qd7 17. c4 Ba5 18. Re3 O-O 19. h3 Be6 {Diagram #}
20. cxb5 Qxb5 21. Nxe6 fxe6 22. Qc4 Qxc4 23. Nxc4 Rd1+ 24. Bf1 Be1 25. Re2 {
Diagram #} 25... Nxe4 26. Rxe4 Bxf2+ 27. Kg2 Bc5 28. Rf4 Rxf4 29. gxf4 Nd5 30.
Nd2 {Diagram #} 30... Ne3+ 31. Kf3 Nxf1 32. Ke2 Ne3 33. Nc4 Re1+ 34. Kxe1 Nc2+
35. Kd1 Nxa1 36. Be3 Bxe3 37. Nxe3 {Diagram #} 37... Kf7 38. Kc1 Kg6 39. Kb1
Nb3 40. axb3 axb3 41. Kc1 Kh5 42. Kd2 Kh4 43. f5 e5 44. Ng4 Kxh3 45. Nxe5 h5
46. Ke3 Kg3 47. Ng6 h4 48. Nf4 h3 49. Nh5+ {Diagram #} 49... Kh4 50. Nxg7 Kg4
51. Kf2 c5 1-0

[Event "Aces-Knights, b7"]
[Site "?"]
[Date "2003.05.15"]
[Round "?"]
[White "Frank, Mark"]
[Black "Benforado, Ed"]
[Result "1-0"]
[WhiteElo "1707"]
[BlackElo "1500"]
[Annotator "Friske,Tom"]
[PlyCount "78"]
[SourceDate "2003.05.17"]

1. e4 c6 2. d4 d5 3. e5 Na6 4. Bd3 g6 5. f4 Nh6 6. Nf3 c5 7. dxc5 Nxc5 8. c3
Nxd3+ 9. Qxd3 Bf5 10. Qe2 Bg4 11. h3 Bxf3 12. Qxf3 {Diagram #} 12... Nf5 13. g4
Ng7 14. f5 Qd7 15. O-O gxf5 16. gxf5 O-O-O 17. Bg5 Rg8 {Diagram #} 18. Kh1 Ne8
19. Rg1 h6 20. Bh4 Rxg1+ 21. Kxg1 Ng7 {Diagram #} 22. f6 Nf5 23. fxe7 Bxe7 24.
Bxe7 Nxe7 25. Nd2 Rg8+ 26. Kh2 Qf5 27. Rg1 Rxg1 28. Kxg1 {Diagram #} 28... Qg5+
29. Qg4+ Kd8 30. Qxg5 hxg5 31. Nf3 Ng6 32. Nxg5 {Diagram #} 32... Ke7 (32...
Nxe5) 33. Kf2 f6 34. exf6+ Kxf6 35. Nf3 Kf5 36. Kg3 a5 37. h4 a4 38. Ng5 b5 39.
Nf7 Ne7 {Diagram # BLACK RESIGNED in a few more moves} 1-0

[Event "Getco-Tyros, b1"]
[Site "?"]
[Date "2003.05.12"]
[Round "1"]
[White "Volynskiy"]
[Black "Stein, Pete"]
[Result "1-0"]
[WhiteElo "2575"]
[BlackElo "2223"]
[Annotator "Friske,Tom"]
[PlyCount "120"]
[SourceDate "2003.05.17"]

1. d4 Nf6 2. Nf3 g6 3. c4 Bg7 4. Nc3 O-O 5. e4 d6 6. Be2 e5 7. O-O Nc6 8. d5
Ne7 9. b4 Nh5 10. Re1 h6 11. Ba3 f5 12. Nd2 Nf6 13. f3 f4 14. c5 g5 15. Rc1 h5
{Diagram #} 16. Nb5 Ne8 17. Qc2 Ng6 18. cxd6 cxd6 19. Nc7 Bd7 {Diagram #} 20.
Nxe8 Qb6+ 21. Kh1 Bxe8 22. Nc4 Qd8 23. b5 Rf6 24. Nd2 Rf7 25. Qb3 Bf8 26. Rc3
g4 27. Rec1 Rg7 {Diagram #} 28. fxg4 Nh4 29. g3 f3 30. Bf1 Qg5 31. Nxf3 Nxf3
32. Rxf3 Bg6 33. Qe3 Qxg4 34. Bg2 Be7 35. h3 Qd7 36. Qe2 h4 37. g4 Bg5 38. Rc2
a6 39. b6 {Diagram #} 39... Qd8 40. Rb3 Rf7 41. Bc1 Bf4 42. a4 Rc8 43. Bxf4
Rxf4 44. a5 Qf8 45. Kg1 {Diagram #} 45... Rc5 46. Rxc5 dxc5 47. Rc3 Be8 48. Qe3
Bb5 49. Rxc5 Qh6 50. Rc8+ Kg7 51. Qc1 Qf6 52. Rc7+ Kg6 53. Rxb7 Rf2 54. Rc7 Ra2
55. Rc2 Rxa5 {Diagram #} 56. b7 Qb6+ 57. Kh2 Qxb7 58. Qe1 Ba4 59. Qxa5 Bxc2 60.
Qc3 Qb3 {Diagram # (remainder of score not recorded)} 1-0

[Event "Tyros-Getco, b2"]
[Site "?"]
[Date "2003.05.12"]
[Round "1"]
[White "Diaz, Pablo"]
[Black "Jasaitis, Tony"]
[Result "1-0"]
[WhiteElo "2021"]
[BlackElo "2107"]
[Annotator "Friske,Tom"]
[PlyCount "73"]
[SourceDate "2003.05.17"]

1. c4 f5 2. Nc3 Nf6 3. Nf3 d6 4. d4 g6 5. e3 Bg7 6. Bd3 O-O 7. O-O Nc6 8. d5
Ne5 9. Nxe5 dxe5 10. e4 {Diagram #} 10... f4 11. f3 g5 12. Be2 a6 13. b4 Qe8
14. Qc2 Qg6 15. Bb2 h5 16. Nd1 Nh7 17. Nf2 g4 18. Nd3 Qg5 19. Kh1 Qh4 20. Bd1
g3 21. h3 {Diagram #} 21... Ng5 22. Kg1 Nf7 23. Qe2 Bf6 24. Nc5 Kh7 25. Bb3 Ng5
26. Nd3 Rg8 27. Bxe5 Bxe5 28. Nxe5 {Diagram #} 28... Bxh3 ({
As Tony noted at game:} 28... Nxh3+ $3 29. gxh3 Bxh3 30. Rfd1 Bf1 $3 31. Rxf1 (
31. Qxf1 Qh2#) (31. Kxf1 Qh1#) 31... g2 32. Rfd1 (32. Rf2 Qh1#) 32... Qh1+ 33.
Kf2 g1=Q+ $1 34. Rxg1 Qh2+ 35. Ke1 (35. Kf1 Rxg1#) (35. Rg2 Rxg2+ 36. Ke1 Rxe2+
) 35... Rxg1+ 36. Kd2 Rg2) 29. gxh3 Nxh3+ 30. Kg2 Nf2 31. Rh1 Qg5 {Diagram #}
32. Nd3 Nxh1 33. Rxh1 Rg6 34. Qb2 h4 35. Qe5 Rf8 {Diagram #} 36. Qxg5 Rxg5 37.
Rxh4+ 1-0

[Event "Getco-Tyros, b3"]
[Site "?"]
[Date "2003.05.12"]
[Round "1"]
[White "Sagalovsky, Leonid"]
[Black "Stoltz, Bob"]
[Result "1-0"]
[WhiteElo "1955"]
[BlackElo "1908"]
[Annotator "Friske,Tom"]
[PlyCount "87"]
[SourceDate "2003.05.17"]

1. e4 d5 2. exd5 Qxd5 3. Nc3 Qd6 {Diagram #} 4. h3 Nf6 5. Nf3 c6 6. d4 Bf5 7.
Bd3 Bxd3 8. Qxd3 e6 9. O-O Nbd7 10. Re1 Be7 11. Bg5 O-O 12. Rad1 Rfe8 13. a3
Rad8 14. Ne2 Qc7 {Diagram #} 15. Bf4 Bd6 16. Bxd6 Qxd6 17. Ng3 h6 18. c4 Qc7
19. Qc2 Rc8 20. b4 b6 {Diagram #} 21. Ne5 Red8 22. Qe2 c5 23. b5 Nb8 24. dxc5
Qxc5 25. a4 Qb4 26. Kh1 Nfd7 {Diagram #} 27. Nxf7 Rf8 (27... Kxf7 28. Qxe6+ Kf8
29. Rd3 (29. Qf5+ Nf6) 29... Nf6 30. Rf3 Qd6) 28. Nd6 Rcd8 29. Qxe6+ Kh7 30.
Qe4+ Kg8 31. Ngf5 {Diagram #} 31... Qc3 32. Ne7+ Kh8 33. Ng6+ Kg8 34. Qe6+ Kh7
35. Nxf8+ Rxf8 36. Ne4 {Diagram #} 36... Qb4 37. Re3 Nc5 38. Nxc5 Qxc5 39. Qe4+
Kh8 40. Rf3 Rg8 41. Rf5 Qc7 42. Qc2 Qe7 43. Rfd5 Re8 44. Qd2 {Diagram #} 1-0

[Event "Tyros-Getco, b4"]
[Site "?"]
[Date "2003.05.12"]
[Round "1"]
[White "Guio, Julian"]
[Black "Rauchman"]
[Result "1/2-1/2"]
[WhiteElo "1898"]
[BlackElo "1971"]
[Annotator "Friske,Tom"]
[PlyCount "79"]
[SourceDate "2003.05.17"]

1. e4 c5 2. Nf3 Nc6 3. d4 cxd4 4. Nxd4 Nf6 5. Nc3 e5 6. Ndb5 d6 7. Nd5 Nxd5 8.
exd5 Nb8 9. Be2 a6 10. Nc3 Be7 11. a4 O-O 12. a5 {Diagram #} 12... b5 13. axb6
Qxb6 14. O-O Nd7 15. Na4 Qd8 16. f4 f5 17. Ra3 Bf6 18. Be3 exf4 19. Rxf4 Bg5 {
Diagram #} 20. Rb4 a5 21. Rbb3 Bxe3+ 22. Rxe3 f4 23. Reb3 Ne5 24. Nb6 Ra7 25.
Nxc8 Qxc8 26. Rb5 Rc7 27. c3 {Diagram #} 27... f3 28. gxf3 Rcf7 29. c4 Nxc4 $2
30. Bxc4 $2 (30. Rc3 $1 Rf4 (30... Nxb2 $2 31. Qc2 (31. Rxc8 Nxd1 32. Rxf8+
Rxf8 33. Bxd1) (31. Rxb2 Qxc3)) 31. b3) 30... Qxc4 31. Rbxa5 {Diagram #} 31...
Qh4 32. R3a4 Qh3 33. Ra8 Rf5 34. Rxf8+ Kxf8 35. Qe2 Rg5+ 36. Kh1 Re5 37. Qf2
Rxd5 {Diagram #} 38. Ra8+ Kf7 39. Ra7+ Kf6 40. Ra4 {DRAW AGREED} 1/2-1/2

[Event "Getco-Tyros, b5"]
[Site "?"]
[Date "2003.05.12"]
[Round "1"]
[White "Seet, Paul"]
[Black "Smith, Brian"]
[Result "1-0"]
[WhiteElo "1830"]
[BlackElo "1714"]
[PlyCount "93"]
[SourceDate "2003.05.17"]

1. e4 d5 2. exd5 Qxd5 3. Nc3 Qa5 4. d4 Nf6 5. Bd2 c6 6. Bd3 Be6 7. Nge2 {
Diagram #} 7... g5 8. Ne4 Qb6 9. Nxg5 Bg4 10. f3 Bh5 11. b3 Bg7 12. c3 Nbd7 13.
Nf4 c5 14. Nxh5 Nxh5 15. dxc5 Nxc5 16. Bc4 O-O 17. Rc1 Rad8 18. Qe2 Qd6 19. Ne4
Nxe4 20. fxe4 {Diagram #} 20... Nf4 21. Bxf4 Qxf4 22. Rc2 a6 23. g3 Qd6 24. O-O
b5 {Diagram #} 25. Bxb5 axb5 26. Qxb5 Qd3 27. Qxd3 Rxd3 28. c4 Bd4+ 29. Kg2 Rb8
30. Re1 e5 31. c5 Rc8 32. b4 h5 33. Kh3 {Diagram #} 33... Ra8 34. Kh4 Rda3 35.
c6 Rxa2 36. Rec1 Rxc2 37. Rxc2 Rc8 38. Kxh5 Bb6 39. Kg5 Kg7 40. Kf5 f6 41. Ke6
Rc7 42. b5 Ba5 43. Ra2 Bb6 44. Ra6 Bd4 {Diagram #} 45. Kd6 Rc8 46. b6 Rb8 47.
c7 1-0

[Event "Tyros-Getco, b6"]
[Site "?"]
[Date "2003.05.12"]
[Round "1"]
[White "Hahne, Dave"]
[Black "Kratka, Milan"]
[Result "1/2-1/2"]
[WhiteElo "1601"]
[BlackElo "1665"]
[Annotator "Friske,Tom"]
[PlyCount "147"]
[SourceDate "2003.05.17"]

1. d4 d5 2. c4 Nf6 3. cxd5 Nxd5 4. Nc3 e6 5. e4 Nf6 6. Nf3 c5 7. Be3 Nbd7 8.
Bd3 Qc7 9. e5 Nd5 {Diagram #} 10. Nxd5 exd5 11. dxc5 Bxc5 12. Bxc5 Qxc5 13. O-O
Nb6 14. Rc1 Qe7 15. Qc2 Bd7 16. Rfe1 {Diagram #} 16... g6 17. b3 Rc8 18. Qb2
O-O 19. Qd4 Rxc1 20. Rxc1 Rc8 21. Rxc8+ Bxc8 22. Qc3 Bg4 23. Nd2 Be6 24. h3 Nd7
25. Nf3 {Diagram #} 25... Qc5 26. Qxc5 Nxc5 27. Bc2 Bd7 28. Kf1 Kf8 29. Ke2 Ke7
30. Nd4 Ne6 31. Ke3 a6 32. h4 f5 33. Nxe6 Bxe6 34. Kd4 b6 {
Diagram # A standard IQP ending. Can White activate his Bishop?} 35. Bd1 (35.
b4 Kd7 36. Bb3 Kc6 37. a4 b5 $11 (37... h5 38. b5+ $1 axb5 39. axb5+ Kxb5 40.
Bxd5 Bd7 41. e6)) (35. a4 a5 36. Bd3 Kd7 37. Bb5+ Kc7 38. Be8) 35... Kd7 36.
Be2 a5 37. Bb5+ Kc7 38. f4 {Diagram #} 38... Kd8 $2 39. Bc6 Ke7 40. Bxd5 Bd7
41. g3 a4 42. Bg8 axb3 43. axb3 h6 44. Kd5 Be8 45. b4 Bd7 46. Kd4 Be8 47. Bd5
Bb5 48. Bc4 Bd7 49. Bd5 Bb5 50. Kc3 Be8 51. Kb2 (51. Kc4 Bd7 52. b5 Be8 53. Bc6
Bf7+) 51... Bb5 52. Ka3 h5 53. Bb3 Be8 54. Ba4 Bf7 55. Bb5 Bd5 56. Kb2 Be6 57.
Kc3 Bd5 58. Kd4 Be6 59. Bc6 Bf7 60. Bd5 Be8 61. Bg8 Ba4 {Diagram # DRAW AGREED}
62. Bh7 (62. Kd5 $1 Bb3+ 63. Kc6 Bxg8 64. Kxb6 Bd5 (64... Kd7 65. b5 Bc4 66.
Kc5 Kc7 67. b6+ Kb7 68. Kd6 Kxb6 69. e6 $18) 65. Kc7 Be4 66. b5 Bd5 67. b6 Be4
68. b7 Bxb7 69. Kxb7 Kd7 70. Kb6 $18) 62... Kf7 63. Kd5 Kg7 64. Bxg6 Kxg6 65.
e6 Kg7 66. Kd6 Kf8 67. Ke5 Bc2 68. Kf6 Be4 69. Kg5 Ke7 70. Kxh5 Kxe6 71. Kg5 (
71. Kg6 Ke7 72. h5 Kf8 73. h6 Kg8 74. h7+) 71... Kd6 72. g4 fxg4 73. Kxg4 Kc6
74. f5 1/2-1/2

[Event "Kings-Getco, b1"]
[Site "?"]
[Date "2003.05.17"]
[Round "2"]
[White "Wolf, Dan"]
[Black "Volynskiy"]
[Result "1/2-1/2"]
[WhiteElo "2350"]
[BlackElo "2575"]
[PlyCount "52"]
[SourceDate "2003.05.17"]

1. Nf3 d5 2. c4 c6 3. b3 Nf6 4. Bb2 Bf5 5. g3 e6 6. Bg2 h6 7. O-O Be7 8. d3 O-O
9. Nbd2 Nbd7 10. a3 a5 11. Rc1 {Diagram #} 11... Qb6 12. Rc2 Rfd8 13. Qa1 Bh7
14. Ne5 Nxe5 15. Bxe5 {Diagram #} 15... d4 16. Bxf6 Bxf6 17. c5 Qc7 18. Qb2 e5
19. b4 axb4 20. axb4 Bf5 21. Ra1 {Diagram #} 21... h5 22. Rcc1 h4 23. Rxa8 Rxa8
24. Ra1 Qb8 25. Nb3 Bg4 26. Bf3 Be6 {Diagram #} 1/2-1/2

[Event "Getco-Kings, b2"]
[Site "?"]
[Date "2003.05.17"]
[Round "2"]
[White "Jasaitis, Tony"]
[Black "Melnikov, Igor"]
[Result "1-0"]
[WhiteElo "2107"]
[BlackElo "2055"]
[Annotator "Friske,Tom"]
[PlyCount "57"]
[SourceDate "2003.05.17"]

1. e4 e5 2. f4 exf4 3. Nf3 Be7 4. Bc4 Bh4+ 5. Kf1 {Diagram #} 5... d5 6. Bxd5
Nf6 7. Nxh4 Nxd5 8. exd5 Qxh4 {Diagram #} 9. Qe1+ Qxe1+ 10. Kxe1 Na6 11. a3 Bg4
12. d3 g5 13. Kf2 O-O-O 14. Nc3 f5 15. Bd2 Nc5 16. Rae1 {Diagram #} 16... Rhe8
(16... Nd7 {idea Nf6 to win Pd5}) 17. b4 Nd7 18. Nb5 a6 19. Nd4 Ne5 20. Ne6 {
Diagram #} 20... Rxd5 21. Nxg5 Bh5 22. Bxf4 Ng4+ 23. Kf1 h6 24. Nf3 a5 25. h3
Nf6 26. Kf2 {Diagram #} 26... Bxf3 27. Kxf3 axb4 28. axb4 Rd4 29. Be5 1-0

[Event "Kings-Getco, b3"]
[Site "?"]
[Date "2003.05.17"]
[Round "2"]
[White "Wallach, Cliff"]
[Black "Rauchman"]
[Result "0-1"]
[WhiteElo "2001"]
[BlackElo "1971"]
[Annotator "Friske,Tom"]
[PlyCount "88"]
[SourceDate "2003.05.17"]

1. e4 c5 2. Nf3 Nc6 3. d4 cxd4 4. Nxd4 Nf6 5. Nc3 e5 6. Ndb5 d6 7. Bg5 a6 8.
Na3 b5 9. Nd5 Be7 10. Bxf6 Bxf6 11. c3 {Diagram #} 11... O-O (11... Bg5) 12.
Be2 Bg5 13. O-O Ne7 14. Nc2 Nxd5 15. Qxd5 Be6 16. Qd1 d5 {Diagram #} 17. f3
Qb6+ 18. Kh1 Rfd8 19. Bd3 dxe4 20. fxe4 Qd6 21. Nb4 a5 22. Nd5 {Diagram #}
22... Bxd5 23. exd5 Qxd5 24. Qh5 Qxd3 25. Qxg5 Qd6 26. h4 Rd7 27. Rf5 f6 28.
Qg3 Rad8 29. Raf1 Kh8 30. h5 Qe7 31. h6 {Diagram #} 31... Rd1 32. Qxg7+ Qxg7
33. hxg7+ Kxg7 34. Rxf6 Rxf1+ 35. Rxf1 Rd2 36. Rf5 Re2 37. Kg1 Kg6 38. g4 {
Diagram #} 38... a4 39. Kf1 Rxb2 40. Rxe5 a3 41. Re2 Kg5 42. Kf2 Kxg4 {
Diagram #} 43. Ke3 Rxe2+ 44. Kxe2 h5 0-1

[Event "Getco-Kings, b4"]
[Site "?"]
[Date "2003.05.17"]
[Round "2"]
[White "Sagalovsky, L."]
[Black "Samelson, Chris"]
[Result "1/2-1/2"]
[WhiteElo "1955"]
[BlackElo "1929"]
[PlyCount "69"]
[SourceDate "2003.05.17"]

1. e4 e6 2. d4 d5 3. e5 c5 4. c3 Nc6 5. Nf3 Nge7 6. a3 Nf5 7. b4 cxd4 8. cxd4 {
Diagram #} 8... Qb6 9. Bb2 Bd7 10. Be2 Be7 11. O-O O-O 12. g4 Nh4 13. Nbd2 Ng6
14. Nb3 Rfc8 15. Qd2 a6 16. Bd3 Qd8 17. Nc5 {Diagram #} 17... Rc7 18. Rac1 Rac8
19. a4 Na7 20. Ra1 Bxc5 21. dxc5 {Diagram #} 21... Qe8 22. Qd1 Nf4 23. Bc1 Nxd3
24. Qxd3 g6 25. Ng5 h6 26. Nf3 Kh7 27. Qe3 Qf8 28. h4 Qg7 29. g5 h5 30. Nd4 Nc6
31. Nxc6 Bxc6 32. Qd4 Qf8 {Diagram #} 33. a5 Bb5 34. Re1 Qe8 35. Bd2 1/2-1/2

[Event "Kings-Getco, b5"]
[Site "?"]
[Date "2003.05.17"]
[Round "2"]
[White "Piparia, Jankesh"]
[Black "Seet, Paul"]
[Result "1/2-1/2"]
[WhiteElo "1927"]
[BlackElo "1830"]
[Annotator "Friske,Tom"]
[PlyCount "100"]
[SourceDate "2003.05.17"]

1. c4 c6 2. Nc3 d5 3. cxd5 cxd5 4. d4 Nf6 5. e3 Bf5 6. Bd3 Bxd3 7. Qxd3 Nc6 8.
Nf3 e6 9. O-O Be7 10. Bd2 O-O 11. Rac1 Rc8 12. a3 {Diagram #} 12... Na5 13. Nb5
Qb6 14. Bxa5 Qxa5 15. b4 Qa4 16. Ra1 Ne4 17. Ne5 a6 18. f3 Qxb5 19. Qxb5 axb5
20. fxe4 dxe4 21. Rac1 f5 {Diagram #} 22. Nd7 Bg5 23. Kf2 Rfe8 24. Rc5 Rxc5 25.
bxc5 Ra8 26. Ra1 {Diagram #} 26... Bd8 (26... b4 27. a4 Bd8) 27. Ke2 Bc7 28. g3
Rd8 29. Nb6 Bxb6 30. cxb6 Rd6 31. Rb1 Rxb6 32. a4 {Diagram #} 32... Ra6 (32...
b4 33. Kd2 Kf7 34. Kc2 Ke7 35. Kb3 Kd6 36. Kc4 b3 37. Rxb3 Rxb3 38. Kxb3 Kc6
39. Kb4 b6 (39... Kb6 40. a5+ Ka6 41. Ka4) 40. Kc4 $11 (40. a5 $2 bxa5+ 41.
Kxa5 Kd5 42. Kb4 e5 43. dxe5 Kxe5 44. Kc4 g5 $19)) 33. Rxb5 Rxa4 34. Rxb7 Ra2+
35. Kf1 Rxh2 36. Re7 Rh6 37. Kg2 Rf6 38. Rd7 {Diagram #} 38... g5 39. Re7 h5
40. Rd7 h4 41. gxh4 gxh4 42. Kh3 f4 43. exf4 Rxf4 44. Re7 Rf6 45. Kxh4 e3 {
Diagram #} 46. Kg5 e2 47. Kxf6 e1=Q 48. Re8+ Kh7 49. Re7+ Kh6 50. Rxe6 {
Diagram #} 50... Qf2+ (50... Qa5 51. Ke7+ (51. Re5 Qb6+ 52. Ke7 Qxd4) 51... Kg7
52. Re5 Qc7+ 53. Ke6 Qc6+ (53... Qb6+ 54. Kd5 Kf7) 54. Ke7) 1/2-1/2

[Event "Getco-Kings, b6"]
[Site "?"]
[Date "2003.05.17"]
[Round "2"]
[White "Kratka, Milan"]
[Black "Cygan, Joseph"]
[Result "0-1"]
[WhiteElo "1665"]
[BlackElo "1825"]
[PlyCount "72"]
[SourceDate "2003.05.17"]

1. e4 c5 2. c3 d5 3. e5 Nc6 4. Bb5 {Diagram #} 4... Bf5 5. Bxc6+ bxc6 6. d3 Qc7
7. f4 h5 8. Nf3 e6 9. Be3 Rb8 10. b3 {Diagram #} 10... c4 11. dxc4 dxc4 12. b4
Be4 13. O-O Nh6 14. Nd4 Ng4 15. Re1 Nxe3 16. Rxe3 Bd5 17. Nd2 Be7 {Diagram #}
18. Rh3 g6 19. a3 Kf8 20. Nc2 c5 21. Ne3 cxb4 22. axb4 Qb6 23. Qe2 Rc8 24. Kh1
Kg7 {Diagram #} 25. Nexc4 Bxc4 26. Nxc4 Qb5 {Diagram #} 27. Rxa7 Rhe8 28. Ra5
Qxc4 29. Qxc4 Rxc4 30. Ra1 Rec8 31. b5 {Diagram #} 31... Rxf4 32. b6 Rfc4 33.
b7 Rb8 34. Rb1 Rc7 {Diagram #} 35. Rh4 Rcxb7 36. Rc1 Bxh4 0-1

[Event "Kings-Aces"]
[Site "?"]
[Date "2003.05.17"]
[Round "?"]
[White "Goncharoff, Nic"]
[Black "Frank, Mark"]
[Result "0-1"]
[WhiteElo "1687"]
[BlackElo "1707"]
[Annotator "Friske,Tom"]
[PlyCount "108"]
[SourceDate "2003.05.17"]

1. e4 e6 2. Nf3 d5 3. exd5 exd5 4. d4 Nf6 5. a3 Be7 6. Be2 O-O 7. O-O Re8 8. h3
Bf5 9. Nc3 {Diagram #} 9... Ne4 10. Nb1 Nd7 11. c3 Ndf6 12. Nbd2 Qd7 13. Ne5
Qd6 14. Ndf3 Nd7 15. Bf4 Nxe5 16. Nxe5 f6 17. Ng6 Qd7 18. Nxe7+ Rxe7 19. Bf3
Rae8 {Diagram #} 20. Bg4 Bxg4 21. Qxg4 Qxg4 22. hxg4 g5 23. Be3 Kg7 24. Kh2 Nd6
25. b3 Kg6 26. a4 f5 27. gxf5+ Nxf5 {Diagram #} 28. Bd2 Re2 29. Rae1 Nd6 30.
Rxe2 Rxe2 31. Be1 Rb2 32. b4 Ra2 33. a5 Ra1 34. Kg1 Rc1 35. Bd2 Rc2 {Diagram #}
36. Be3 (36. Rd1 Nc4 37. Be1) 36... Rxc3 37. Rc1 Rxc1+ 38. Bxc1 Kf5 39. f3 h5
40. g3 g4 41. Kg2 Nf7 42. Kf2 a6 43. Ke3 Ng5 44. fxg4+ Kxg4 {Diagram #} 45. Kd3
Ne4 46. Ke2 Kxg3 47. Kf1 h4 48. Kg1 h3 49. Be3 h2+ 50. Kh1 c6 {Diagram #} 51.
Bf4+ (51. Bc1 Nf2#) 51... Kxf4 52. Kxh2 Ke3 53. Kg2 Kxd4 54. Kf3 Kd3 0-1

[Event "Pawns-Knights, b1"]
[Site "?"]
[Date "2003.05.17"]
[Round "2"]
[White "Jakstas, Kaz"]
[Black "Morris, Robert"]
[Result "1/2-1/2"]
[WhiteElo "2103"]
[BlackElo "2196"]
[PlyCount "76"]
[SourceDate "2003.05.17"]

1. d4 Nf6 2. Nf3 g6 3. Bg5 Bg7 4. Nbd2 d5 5. e3 O-O 6. Bd3 c5 7. c3 b6 8. O-O
Bb7 9. Ne5 Nbd7 10. f4 Ne4 11. Nxe4 dxe4 12. Bc4 {Diagram #} 12... h6 13. Bh4
Nxe5 14. fxe5 Qc7 15. e6 {Diagram #} 15... f5 16. Bg3 Qd8 17. a4 cxd4 18. cxd4
Bd5 19. Qb3 Bxc4 20. Qxc4 {Diagram #} 20... g5 21. Bc7 Qe8 22. Qd5 Rc8 23. Rac1
f4 24. exf4 Qxa4 25. Be5 Bxe5 26. Qxe5 Rxc1 27. Rxc1 Rxf4 {Diagram #} 28. g3
Qb3 29. Rc8+ Kh7 30. Qh8+ Kg6 31. Rg8+ Kh5 32. Rxg5+ Kxg5 33. gxf4+ Kxf4 {
Diagram #} 34. Qe5+ Kg4 35. Qxe4+ Kg5 36. Qe5+ Kg6 37. Qe4+ Kf6 38. Qe5+ Kg6
1/2-1/2

[Event "Knights-Pawns, b2"]
[Site "?"]
[Date "2003.05.17"]
[Round "2"]
[White "Fridman, Yuri"]
[Black "Ellice, Wayne"]
[Result "1-0"]
[WhiteElo "2142"]
[BlackElo "1872"]
[PlyCount "71"]
[SourceDate "2003.05.17"]

1. e4 e6 2. d4 d5 3. Nc3 Nf6 4. e5 Nfd7 5. Nf3 Be7 6. Be2 c5 7. dxc5 Nxc5 8.
O-O O-O {Diagram #} 9. Nb5 Nc6 10. Nbd4 Bd7 11. Bf4 Rc8 12. c3 Qb6 13. Rb1 {
Diagram #} 13... Nxd4 14. Nxd4 Ne4 15. Bd3 Nc5 16. Bc2 f5 17. Kh1 {Diagram #}
17... Bb5 18. Nxb5 Qxb5 19. g4 Ne4 20. f3 Ng5 21. h4 Nh3 {Diagram #} 22. Be3
Bxh4 23. gxf5 exf5 24. f4 Qc6 25. Qf3 Be7 {Diagram #} 26. Bb3 Qh6 27. Bxd5+ Kh8
28. Kg2 Bc5 29. Bxc5 Rxc5 30. c4 {Diagram #} 30... Rxd5 31. cxd5 Rc8 32. Rbc1
Rxc1 33. Rxc1 g5 {Diagram #} 34. Rc8+ Kg7 35. Rc7+ Kf8 36. Qxh3 1-0

[Event "Pawns-Knights, b3"]
[Site "?"]
[Date "2003.05.17"]
[Round "2"]
[White "Fabijonas, Romas"]
[Black "Thomson, Jim"]
[Result "0-1"]
[WhiteElo "1701"]
[BlackElo "1981"]
[PlyCount "110"]
[SourceDate "2003.05.17"]

1. e4 c5 2. Nc3 d6 3. Nf3 Nf6 4. Be2 Nc6 5. a3 g6 6. d3 Bg7 7. O-O O-O 8. Nd2 {
Diagram #} 8... d5 9. exd5 Nxd5 10. Nxd5 Qxd5 11. Bf3 Qd6 12. Ne4 Qc7 13. Nxc5
Nd4 {Diagram #} 14. Ne4 Nxc2 15. Rb1 Be6 16. Nc3 Bb3 17. Qd2 e6 18. Bd1 {
Diagram #} 18... Nd4 19. Bxb3 Nxb3 20. Qe1 Rfd8 21. Qd1 Nc5 22. Qe2 Nxd3 23.
Bd2 Rd7 24. Rfd1 Qd8 25. Be3 Rc8 26. g3 {Diagram #} 26... Nxb2 27. Rxd7 Qxd7
28. Qxb2 Bxc3 29. Qxb7 Qxb7 30. Rxb7 a6 31. a4 Kg7 {Diagram #} 32. Bb6 Rc4 33.
a5 Ra4 34. Ra7 Bxa5 35. Rxa6 Ra1+ 36. Kg2 Bc3 37. Rxa1 Bxa1 38. Kf3 Kf6 39. Ke4
Kg5 40. h3 f5+ 41. Kf3 Kf6 42. Ke3 e5 43. f3 Ke6 44. Kd3 Kd5 45. Bc7 {Diagram #
} 45... e4+ 46. fxe4+ fxe4+ 47. Ke2 Be5 48. Bxe5 Kxe5 49. Ke3 h6 {Diagram #}
50. Ke2 Kd4 51. Kd2 e3+ 52. Ke2 Ke4 53. g4 g5 54. Kf1 Kf3 55. Ke1 e2 0-1

[Event "Knights-Pawns, b4"]
[Site "?"]
[Date "2003.05.17"]
[Round "2"]
[White "Balicki, Jeff"]
[Black "Litvinas, Al"]
[Result "1-0"]
[WhiteElo "1759"]
[BlackElo "1633"]
[Annotator "Friske,Tom"]
[PlyCount "27"]
[SourceDate "2003.05.17"]

1. e4 e5 2. Nf3 Nc6 3. Bc4 Bc5 4. c3 Nf6 5. d4 exd4 6. cxd4 Bb6 {Diagram #} 7.
e5 Ng8 8. Qb3 Nxd4 9. Bxf7+ Kf8 10. Nxd4 Bxd4 11. Bxg8 {Diagram #} 11... Bxf2+
$2 (11... Rxg8 12. Qb4+ c5) 12. Kxf2 Rxg8 13. Rf1 d5 14. exd6 1-0

[Event "Pawns-Knights, b5"]
[Site "?"]
[Date "2003.05.17"]
[Round "2"]
[White "Milukecky, Bob"]
[Black "Augsburger, Len"]
[Result "*"]
[WhiteElo "1467"]
[BlackElo "1773"]
[PlyCount "54"]
[SourceDate "2003.05.17"]

1. d4 d5 2. c4 Nf6 3. Nc3 c6 4. h3 g6 5. Nf3 Bg7 6. Bf4 O-O 7. e3 Qa5 {
Diagram #} 8. Qa4 Qxa4 9. Nxa4 dxc4 10. Nc3 b5 11. Nd2 Nd5 12. Bg3 Bb7 13. a3
Nd7 14. Be2 {Diagram #} 14... e5 15. dxe5 Nxe5 16. Nxd5 cxd5 17. O-O Rad8 18.
f4 Nc6 19. Rab1 {Diagram #} 19... d4 20. Bf2 dxe3 21. Bxe3 Rfe8 22. Kf2 Nd4 {
Diagram #} 23. Nf3 Nxe2 24. Kxe2 Rd3 25. Ne1 Rdxe3+ 26. Kf2 {Diagram #} 26...
Bd4 27. Nf3 Rxf3# *